| 000 | 00662 a2200193 4500 | ||
|---|---|---|---|
| 010 | _aENG-88783 | ||
| 020 |
_c395.00 _a9780070223684 |
||
| 035 | _aEN-72316 | ||
| 037 | _bDBAD / PUB | ||
| 082 | 1 | 4 | _a621.38456 |
| 090 |
_c9355 _d9355 |
||
| 100 | 1 | _aRussell, Travis | |
| 245 | 1 |
_aThe IP multimedia subsystem (IMS) : _cby Travis Russell _bsession control and other network operations/ |
|
| 260 |
_aNew Delhi _bTata McGraw-Hill Publishing _c2008 |
||
| 300 |
_axvi, 224p. _c21cm (pbk ) |
||
| 500 | _aIncludes index | ||
| 942 |
_adpl _cEN _k621.38456 / RUS |
||
| 999 |
_c9185 _d9185 |
||